|
|
|
|
| LEADER |
01071nam a2200289 a 4500 |
| 001 |
1450 |
| 003 |
BD-DhAAL |
| 005 |
20150216124932.0 |
| 008 |
150216s1988 maua b 001 0 eng |
| 010 |
|
|
|a 88007209
|
| 020 |
|
|
|a 0674955455 (alk. paper) :
|c $18.95
|
| 040 |
|
|
|a DLC
|c DLC
|d DLC
|d BD-DhAAL
|
| 050 |
0 |
0 |
|a HQ1426
|b .F87 1988
|
| 082 |
0 |
0 |
|a 305.4/2/0973
|2 19
|
| 100 |
1 |
|
|a Fuchs, Victor R.
|9 8492
|
| 245 |
1 |
0 |
|a Women's quest for economic equality /
|c Victor R. Fuchs.
|
| 260 |
|
|
|a Cambridge, Mass. :
|b Harvard University Press,
|c 1988.
|
| 300 |
|
|
|a ix, 171 p. :
|b ill. ;
|c 22 cm.
|
| 500 |
|
|
|a Includes index.
|
| 504 |
|
|
|a Bibliography: p. [155]-163.
|
| 541 |
|
|
|e 1450
|
| 650 |
|
0 |
|a Women
|z United States
|x Economic conditions.
|9 8061
|
| 650 |
|
0 |
|a Women
|x Employment
|z United States.
|9 6650
|
| 651 |
|
0 |
|a United States
|x Social policy
|y 1980-1993.
|9 8493
|
| 942 |
|
|
|2 ddc
|c BK
|
| 999 |
|
|
|c 33716
|d 33716
|
| 952 |
|
|
|0 0
|1 0
|2 ddc
|4 0
|6 305_420973000000000_FUC
|7 0
|9 52656
|a SCL
|b SCL
|c GEN
|d 2015-02-16
|e Gift: The Asia Foundation
|l 0
|o 305.420973 FUC
|p 3020001450
|r 2015-02-16
|t 1
|w 2015-02-16
|y BK
|